| 000 | 02124nam0a2200385 4500 | ||
|---|---|---|---|
| 001 | RU\NLR\bibl\1372181 | ||
| 005 | 20260405094311.0 | ||
| 010 |
_a978-5-8336-0571-4 _9100 |
||
| 021 |
_aRU _b2009-23050 _91363 |
||
| 035 | _a(nilc)RSL-KNO-004269180 | ||
| 035 | _a(NLR Aleph) 001364309 | ||
| 090 |
_a1001131 _c1001131 |
||
| 100 | _a20090318d2008 |||y0rusy50 ca | ||
| 101 | 0 | _arus | |
| 102 | _aRU | ||
| 105 | _ay ||||||||| | ||
| 200 | 1 |
_aМеждународные стандарты учета и финансовой отчетности _eучебное пособие для студентов, обучающихся по специальностям: "Бухгалтерский учет, анализ и аудит", "Мировая экономика" _fЛ. Ж. Бдайциева, А. Х. Попова _gФедеральное агентство по образованию, Гос. образовательное учреждение высш. проф. образования "Северо-Осетинский гос. ун-т им. К. Л. Хетагурова" |
|
| 210 |
_aВладикавказ _cИзд-во СОГУ _d2008 |
||
| 215 |
_a337 с. _d25 |
||
| 320 | _aБиблиогр.: с. 334-335 (39 назв.) | ||
| 606 | 1 |
_aБухгалтерский учет _jУчебные издания для высших учебных заведений _xОтчетность _xСтандартизация международная _92368234 _3RU\NLR\auth\661413701 |
|
| 610 | 0 | _aмеждународные стандарты учета и финансовой отчетности | |
| 686 |
_aУ052.020,0 _2rubbk |
||
| 686 | _aУ052.02-15я73 | ||
| 686 | _aУ052.9(2)2-15я73 | ||
| 700 | 1 |
_aБдайциева _bЛ. Ж. _gЛора Жураповна _4070 |
|
| 701 | 1 |
_4340 _7ca _8rus _aПопова _bА. Х. _cд-р экон. наук _f1945- _gАнна Харлампиевна _918036 _3RU\NLR\AUTH\7735037 |
|
| 801 | 0 |
_aRU _bРКП _c20090318 _grcr |
|
| 801 | 1 |
_aRU _bРГБ _c20090318 |
|
| 801 | 2 |
_aRU _bNLR _c20090520 _grcr |
|
| 830 | _aпо кн | ||
| 942 | _cBOOK | ||
| 980 | _aNB | ||
| 980 | _aNBR | ||